A Dictionary of law / (Record no. 16671)
[ view plain ]
| 000 -LEADER | |
|---|---|
| fixed length control field | 00823cam a22002532 4500 |
| 001 - CONTROL NUMBER | |
| control field | 0000009092 |
| 003 - CONTROL NUMBER IDENTIFIER | |
| control field | OSt |
| 005 - DATE AND TIME OF LATEST TRANSACTION | |
| control field | 20180220124002.0 |
| 008 - FIXED-LENGTH DATA ELEMENTS--GENERAL INFORMATION | |
| fixed length control field | 080902s xx 000 0 eng d |
| 020 ## - INTERNATIONAL STANDARD BOOK NUMBER | |
| International Standard Book Number | 0199664924 : |
| Terms of availability | KES 1250 |
| 040 ## - CATALOGING SOURCE | |
| Original cataloging agency | KABU |
| Transcribing agency | KABU |
| 050 ## - LIBRARY OF CONGRESS CALL NUMBER | |
| Classification number | KD313 |
| Item number | .D53 2015 c. 1 |
| 245 12 - TITLE STATEMENT | |
| Title | A Dictionary of law / |
| Statement of responsibility, etc. | edited by Jonathan Law |
| 250 ## - EDITION STATEMENT | |
| Edition statement | 8th ed. |
| 260 ## - PUBLICATION, DISTRIBUTION, ETC. (IMPRINT) | |
| Place of publication, distribution, etc. | Oxford : |
| Name of publisher, distributor, etc. | O.U.P., |
| Date of publication, distribution, etc. | 2015. |
| 300 ## - PHYSICAL DESCRIPTION | |
| Extent | vii, 677 p. |
| 650 #0 - SUBJECT ADDED ENTRY--TOPICAL TERM | |
| Topical term or geographic name as entry element | Law |
| Form subdivision | Dictionaries |
| 700 1# - ADDED ENTRY--PERSONAL NAME | |
| Personal name | Law, Jonathan |
| 908 ## - PUT COMMAND PARAMETER (RLIN) | |
| Put command parameter | 080902 |
| 942 ## - ADDED ENTRY ELEMENTS (KOHA) | |
| Source of classification or shelving scheme | Library of Congress Classification |
| Koha item type | General Collection |
| Edition | 8th ed. |
| Classification part | KD313 |
| Item part | .D53 2015 c. 1 |
| Withdrawn status | Lost status | Source of classification or shelving scheme | Not for loan | Home library | Current library | Shelving location | Date acquired | Cost, normal purchase price | Total Checkouts | Full call number | Barcode | Date last seen | Copy number | Price effective from | Koha item type |
|---|---|---|---|---|---|---|---|---|---|---|---|---|---|---|---|
| Library of Congress Classification | Kabarak, Main Campus | Kabarak, Main Campus | Reference | 20/02/2018 | 1250.00 | KD313 .D53 2015 c. 1 | 027934 | 20/02/2018 | c. 1 | 20/02/2018 | Reference | ||||
| Library of Congress Classification | Kabarak, Main Campus | Kabarak, Main Campus | Reference | 20/02/2018 | 1250.00 | KD313 .D53 2015 c. 2 | 027936 | 20/02/2018 | c. 2 | 20/02/2018 | Reference | ||||
| Library of Congress Classification | Kabarak, Main Campus | Kabarak, Main Campus | Reference | 20/02/2018 | 1250.00 | KD313 .D53 2015 c. 3 | 027937 | 20/02/2018 | c. 3 | 20/02/2018 | Reference |